000 00793nam a22002297a 4500
999 _c8449
_d8449
003 GBCCL
005 20241126110651.0
008 210219b ||||| |||| 00| 0 eng d
020 _a9780801027260 (pbk.)
020 _a0801027268 (pbk.)
040 _cgbc
082 _a801
_bLUN
100 _aLundin, Roger.
_914805
245 _aBeginning with the word :
_bmodern literature and the question of belief /
_cRoger Lundin.
260 _aGrand Rapids, Michigan :
_bBaker Academic, a division of Baker Publishing Group,
_c[2014]
300 _ax, 261 pages ;
_b23 cm.
440 _aCultural exegesis
_914806
504 _aIncludes bibliographical references (pages 249-251) and index.
650 _aReligion and literature.
_914807
650 _aLiterature and morals.
_914808
942 _2ddc
_cBK